00269nam a2200097Ia 4500008004100000100002000041245004000061260004400101300000800145650001800153191201s2006 xx 000 0 und d aRAMACHANDRAN, S 0aAmbedkar 's Versatile Contributions aN. delhibAmbedkar Centre Chennaic2006 a162 aGeneral Books